LEADER 01049nam a2200241 i 4500 001 991001492199707536 008 111121e2011 it 000 0 ita 035 $ab1402312x-39ule_inst 040 $aDip.to Studi Storici$bita 082 04$a027.0455 110 2 $aToscana :$bGiunta regionale$0262230 245 14$aGli archivi della Giunta regionale toscana :$bguida al patrimonio storico 260 $aFirenze :$bRegione Toscana,$c[2011] 300 $a290 p. ;$c24 cm. 440 0$aArchiversi : gli universi degli archivi ;$v1 651 4$aToscana$xGiunta regionale$xArchivi$vGuide 907 $a.b1402312x$b21-11-11$c21-11-11 912 $a991001492199707536 945 $aLE023 027.045 TOS 1 1 $g1$i2023000131343$lle023$o-$pE25.00$q-$rn$so $t0$u0$v0$w0$x0$y.i15348787$z21-11-11 945 $aLE023 027.045 TOS 1 1 bis $g1$i2023000131350$lle023$o-$pE25.00$q-$rl$s- $t0$u2$v0$w2$x0$y.i15348799$z21-11-11 996 $aArchivi della Giunta regionale toscana$9243136 997 $aUNISALENTO 998 $ale023$b21-11-11$cm$da $e-$fita$git $h4$i0 LEADER 01443oam 2200301z- 450 001 9910149567003321 005 20230913112557.0 010 $a1-5071-4341-9 035 $a(CKB)3710000000934946 035 $a(BIP)055827578 035 $a(Exl-AI)993710000000934946 035 $a(EXLCZ)993710000000934946 100 $a20210505c2016uuuu -u- - 101 0 $aeng 200 10$aAlice in Wonderland 210 $cDunwich Edizioni 215 $a1 online resource (139 p.) 330 8 $a¿Que pasari?a si Alicia cruzara la dimensio?n de Wonderland?¿Cuanto su?til seri?a la li?nea entre la lucidez y la locura?Una bruja, un hechizo y un libro son el principio de todo. Alice ya no es la nin?a ingenua que deambulaba son?ando entre laberintos de barajas. Es una joven enamorada, en busqueda de su identidad. Para encontrarla viajara? en el tiempo y ma?s alla? de lo tangible.Escritores, cienti?ficos, gente del circo y locos sera?n sus compan?eros en un extraordinario viaje haci?a una meta imposible.El Bajo mundo nunca ha estatotan arriba.Que comience la magia, el agujero del conejo los esta? esperando 606 $aFantasy fiction$7Generated by AI 606 $aMagic$7Generated by AI 615 0$aFantasy fiction 615 0$aMagic 700 $aCoppola$b Alessia$01436896 702 $aRenzi$b Federico$4trl 906 $aBOOK 912 $a9910149567003321 996 $aAlice in Wonderland$93596497 997 $aUNINA